LEADER 01085nam0 2200313 450 001 000024577 005 20090317135842.0 010 $a88-453-0401-9 100 $a20090317d1990----km-y0itay50------ba 101 0 $aita 102 $aIT 105 $ay-------001yy 200 1 $aTeorie della distribuzione del reddito$fErnesto Screpanti 205 $aNuova ed. ampliata 210 $a[Milano]$cEtaslibri$d1990 215 $a213 p.$d24 cm 225 2 $aEconomia. Analisi e teoria economica 410 0$12001$aEconomia. Analisi e teoria economica 500 10$aTeorie della distribuzione del reddito$943834 610 1 $aReddito$aDistribuzione$aTeorie 676 $a330.1$v18$9Sistemi e teorie economiche 676 $a339.2$v20$9Distribuzione del reddito e della ricchezza 676 $a339.2$v21$9Distribuzione del reddito e della ricchezza 700 1$aScrepanti,$bErnesto$078217 801 0$aIT$bUNIPARTHENOPE$c20090317$gRICA$2UNIMARC 912 $a000024577 951 $a023/245$b7414$cNAVA2 996 $aTeorie della distribuzione del reddito$943834 997 $aUNIPARTHENOPE LEADER 00951nam0-2200301---450- 001 990009779690403321 005 20131024082636.0 035 $a000977969 035 $aFED01000977969 035 $a(Aleph)000977969FED01 035 $a000977969 100 $a20131024d1953----km-y0itay50------ba 101 0 $aita 102 $aIT 105 $aa-------001yy 200 1 $aRicerche sulle condizioni morfologiche della costa ligure$eil litorale savonese$fGaetano Ferro 210 $aSavona$cTip. Priamar$d1953 215 $a70 p.$cill.$d24 cm 300 $aEstr. da: Annali di ricerche e studi di Geografia, 1953, n. 3 610 0 $aLiguria$aCoste 700 1$aFerro,$bGaetano$f<1925-2003>$067980 801 0$aIT$bUNINA$gRICA$2UNIMARC 901 $aBK 912 $a990009779690403321 952 $aDono Fondi F-013$bIst. s.i.$fILFGE 959 $aILFGE 996 $aRicerche sulle condizioni morfologiche della costa ligure$9832729 997 $aUNINA